| 000 | 00833 a2200265 4500 | ||
|---|---|---|---|
| 003 | OSt | ||
| 005 | 20180116192400.0 | ||
| 008 | 120702t xxu||||| |||| 00| 0 eng d | ||
| 010 | _a 94144682 | ||
| 020 | _a0714828831 | ||
| 020 | _a0714838365 (pbk.) | ||
| 035 | _a(CStRLIN)NYUG93-B56032 | ||
| 040 | _c0 | ||
| 082 | _a745.0951 | ||
| 100 | 1 |
_aJacobson, Dawn. _95241 |
|
| 245 | 1 | 0 |
_aChinoiserie / _cDawn Jacobson. |
| 250 | _a1st pbk. ed. | ||
| 260 |
_aLondon : _bPhaidon, _c1993. |
||
| 300 |
_a240 p. : _bill. (chiefly col.) ; _c30 cm. |
||
| 650 | 1 | 0 |
_aChinoiserie (Art) _zEurope. _95242 |
| 650 | 1 | 0 |
_aDecoration and ornament _zEurope _xChinese influences. _95243 |
| 650 | 1 | 0 |
_aArt, European _xChinese influences. _95244 |
| 942 |
_aSADA _cBK _k745.0951 JAC 1993 _2ddc |
||
| 999 |
_c353281 _d353281 |
||